| 000 | 00350nam a2200133Ia 4500 | ||
|---|---|---|---|
| 005 | 20260328104327.0 | ||
| 008 | 260328s9999||||xx |||||||||||||| ||und|| | ||
| 100 | _aTomlinson, Neil | ||
| 245 | 0 |
_aContemporary Market Architecture : _b Planning and Design / _cNeil Tomlinson |
|
| 260 | _bImages | ||
| 300 | _a270 p. | ||
| 650 | _aMERCADO | ||
| 942 | _cBK | ||
| 999 |
_c11585 _d11585 |
||